书目信息 |
| 题名: |
居住房屋设计经济问题
|
|
| 作者: | 刘国钧 译 | |
| 分册: | ||
| 出版信息: | 北京 建筑工程出版社 1956 |
|
| 页数: | 64页 | |
| 开本: | 20cm | |
| 丛书名: | ||
| 单 册: | ||
| 中图分类: | TU208 | |
| 科图分类: | ||
| 主题词: | 建筑设计 | |
| 电子资源: | ||
| ISBN: | ||
| 000 | 00583nam0 2200205 450 | |
| 001 | 0632924688 | |
| 005 | 20060413091203.42 | |
| 010 | @dCNY0.34 | |
| 100 | @a20060413d1956 km y0chiy0120 ea | |
| 101 | 0 | @achi |
| 102 | @aCN@b110000 | |
| 200 | 1 | @a居住房屋设计经济问题@Aju zhu fang wu she ji jing ji wen ti@e论文选集@f刘国钧译@Fliu guo jun yi |
| 210 | @a北京@c建筑工程出版社@d1956 | |
| 215 | @a64页@d20cm | |
| 517 | 1 | @a论文选集@Alun wen xuan ji |
| 606 | 0 | @a建筑设计 |
| 690 | @aTU208@v3 | |
| 701 | 0 | @a刘国钧@Aliu guo jun@4译 |
| 801 | 0 | @aCN@bPFT@c20060413 |
| 905 | @a10447@dTU208@e10 | |
| 居住房屋设计经济问题:论文选集/刘国钧译.-北京:建筑工程出版社,1956 |
| 64页;20cm |
| ISBN :CNY0.34 |
| ● |
| 相关链接 |
|
|
|
|
正题名:居住房屋设计经济问题
索取号:TU208/10
 
预约/预借
| 序号 | 登录号 | 条形码 | 馆藏地/架位号 | 状态 | 备注 |
| 1 | 0018023 | 202222576 | 密集书库/ [索取号:TU208/10] | 在馆 |